[Event "ITA-ch Seniors 50 44th"]
[Site "Macerata"]
[Date "2022.10.02"]
[Round "9"]
[White "Borgiani, Flavio"]
[Black "Giorgi, Ezio Alberto"]
[Result "1-0"]
[WhiteElo "2065"]
[BlackElo "1639"]
[PlyCount "115"]
[EventDate "2022.09.25"]
[EventType "swiss"]
[EventRounds "9"]
[EventCountry "ITA"]
[SourceTitle "EXT 2024"]
[Source "ChessBase"]
[SourceDate "2023.10.10"]
[SourceVersion "1"]
[SourceVersionDate "2023.10.10"]
[SourceQuality "1"]

1. d4 Nf6 2. c4 c6 3. Nc3 d5 4. e3 Bf5 5. Qb3 Qb6 6. c5 Qc7 7. Nf3 Nbd7 8. Nh4 Bg6 9. f4 e6 10. Nxg6 hxg6 11. Be2 Be7 12. Bd2 b6 13. cxb6 axb6 14. Rc1 Qb7 15. 0-0 0-0 16. Bf3 Rfc8 17. g4 c5 18. a3 Ne4 19. Nxe4 dxe4 20. Bg2 cxd4 21. exd4 Qd5 22. Qxd5 exd5 23. Rxc8+ Rxc8 24. Rc1 Rxc1+ 25. Bxc1 Kf8 26. Bf1 Bd6 27. Bb5 Ke7 28. Bc6 Ke6 29. f5+ gxf5 30. gxf5+ Kxf5 31. Bxd7+ Kf6 32. h4 Ke7 33. Bh3 g6 34. Bd2 f5 35. Bb4 Bxb4 36. axb4 f4 37. Kf2 Kf6 38. Bg4 Ke7 39. Ke2 Kd6 40. Kd2 Ke7 41. Kc3 Kd6 42. Kb3 Kc7 43. Kc3 Kd6 44. b3 Ke7 45. Kd2 Kd6 46. b5 Ke7 47. Ke2 Kf6 48. Kf2 Ke7 49. Kg2 Kf6 50. Bc8 Ke7 51. Kh3 Kf6 52. Kg4 f3 53. Kf4 Ke7 54. Bg4 Kf6 55. b4 Kf7 56. Ke5 f2 57. Be2 e3 58. Kf4 1-0

[Event "ITA-ch Seniors 50 44th"]
[Site "Macerata"]
[Date "2022.10.01"]
[Round "8"]
[White "Borgiani, Flavio"]
[Black "Suppa, Ercole"]
[Result "1-0"]
[WhiteElo "2065"]
[BlackElo "1988"]
[PlyCount "87"]
[EventDate "2022.09.25"]
[EventType "swiss"]
[EventRounds "9"]
[EventCountry "ITA"]
[SourceTitle "EXT 2024"]
[Source "ChessBase"]
[SourceDate "2023.10.10"]
[SourceVersion "1"]
[SourceVersionDate "2023.10.10"]
[SourceQuality "1"]

1. Nf3 Nf6 2. c4 d5 3. cxd5 Nxd5 4. d4 e6 5. e4 Nb6 6. Nc3 Be7 7. Bd3 Nc6 8. a3 h6 9. h4 h5 10. Be3 Bd7 11. Qc2 a5 12. d5 exd5 13. exd5 Nb8 14. Bd4 Kf8 15. Ne5 Be8 16. Bxb6 cxb6 17. g3 Nd7 18. Nxd7+ Qxd7 19. Bf5 Qd6 20. 0-0-0 b5 21. f4 Rh6 22. Qd3 Qc5 23. Kb1 Rd8 24. Ne4 Qc4 25. Qxc4 bxc4 26. Rd4 b5 27. Rhd1 Bd6 28. Ka2 a4 29. Ng5 Bd7 30. Bxd7 Rxd7 31. Ne4 Rd8 32. Kb1 Ke7 33. Kc2 Rhh8 34. Kc3 Ra8 35. Nxd6 Kxd6 36. Re1 Rhe8 37. Rde4 Rxe4 38. Rxe4 Ra7 39. Kd4 Rc7 40. Re8 b4 41. axb4 a3 42. Rd8+ Ke7 43. d6+ Kxd8 44. dxc7+ 1-0

[Event "ITA-ch Seniors 50 44th"]
[Site "Macerata"]
[Date "2022.09.26"]
[Round "2"]
[White "Ottavi, Marco"]
[Black "Borgiani, Flavio"]
[Result "0-1"]
[WhiteElo "1985"]
[BlackElo "2065"]
[PlyCount "32"]
[EventDate "2022.09.25"]
[EventType "swiss"]
[EventRounds "9"]
[EventCountry "ITA"]
[SourceTitle "EXT 2024"]
[Source "ChessBase"]
[SourceDate "2023.10.10"]
[SourceVersion "1"]
[SourceVersionDate "2023.10.10"]
[SourceQuality "1"]

1. e4 d6 2. d4 f5 3. exf5 Bxf5 4. Bd3 Qd7 5. Ne2 Nc6 6. Ng3 Bxd3 7. Qxd3 Nf6 8. Be3 d5 9. Nd2 e5 10. dxe5 Nxe5 11. Qf5 Qxf5 12. Nxf5 0-0-0 13. 0-0 c5 14. Bf4 Nf7 15. Rfe1 g6 16. Ne7+ Kd7 0-1

[Event "ITA-ch Seniors 50 44th"]
[Site "Macerata"]
[Date "2022.09.25"]
[Round "1"]
[White "Borgiani, Flavio"]
[Black "Perogio, Lorenzo"]
[Result "1-0"]
[WhiteElo "2065"]
[BlackElo "1841"]
[PlyCount "29"]
[EventDate "2022.09.25"]
[EventType "swiss"]
[EventRounds "9"]
[EventCountry "ITA"]
[SourceTitle "EXT 2024"]
[Source "ChessBase"]
[SourceDate "2023.10.10"]
[SourceVersion "1"]
[SourceVersionDate "2023.10.10"]
[SourceQuality "1"]

1. d4 Nf6 2. Nf3 d5 3. c4 c6 4. Nc3 e6 5. e3 Nbd7 6. Qc2 Be7 7. g4 Bb4 8. Bd2 a5 9. Bd3 Bxc3 10. Bxc3 dxc4 11. Bxc4 Nd5 12. Bd2 Qf6 13. Be2 e5 14. dxe5 Nxe5 15. Qe4 1-0

[Event "ITA-ch sf"]
[Site "Porto San Giorgio"]
[Date "2015.07.11"]
[Round "1"]
[White "Borgiani, Flavio"]
[Black "Rombaldoni, Denis"]
[Result "1/2-1/2"]
[WhiteElo "2183"]
[BlackElo "2478"]
[PlyCount "81"]
[EventDate "2015.07.11"]
[EventType "swiss"]
[EventRounds "8"]
[EventCountry "ITA"]
[SourceTitle "EXT 2024"]
[Source "ChessBase"]
[SourceDate "2023.10.10"]
[SourceVersion "1"]
[SourceVersionDate "2023.10.10"]
[SourceQuality "1"]

1. d4 Nf6 2. Nf3 b5 3. e3 a6 4. a4 b4 5. c4 e6 6. Nbd2 Bb7 7. Bd3 d6 8. 0-0 Nbd7 9. Qc2 Be7 10. b3 c5 11. Bb2 Qc7 12. Rfe1 h5 13. e4 cxd4 14. Nxd4 h4 15. Bf1 Nh5 16. Rad1 Bf6 17. N2f3 g5 18. Nxe6 fxe6 19. Bxf6 Ndxf6 20. Nxg5 e5 21. c5 Qxc5 22. Bc4 Nf4 23. Nf7 Ke7 24. Nxd6 Rhg8 25. Nf5+ Kf8 26. g3 Nxe4 27. Rxe4 Nh3+ 28. Kg2 Nxf2 29. Nd6 h3+ 30. Kf1 Nxe4 31. Nxe4 Qe3 32. Nf2 Bg2+ 33. Kg1 e4 34. Bxg8 Kxg8 35. Qc4+ Kh8 36. Qxb4 Rc8 37. Qd6 Rc1 38. Qd8+ Kh7 39. Qd7+ Kh8 40. Qd8+ Kh7 41. Qe7+ 1/2-1/2

[Event "Civitanova Marche op"]
[Site "Civitanova Marche"]
[Date "2012.08.29"]
[Round "9"]
[White "Juhasz, Kristof"]
[Black "Borgiani, Flavio"]
[Result "1-0"]
[WhiteElo "2377"]
[BlackElo "2139"]
[PlyCount "147"]
[EventDate "2012.08.21"]
[EventType "swiss"]
[EventRounds "9"]
[EventCountry "ITA"]
[SourceTitle "CBM 150 Extra"]
[Source "ChessBase"]
[SourceDate "2012.10.19"]
[SourceVersion "1"]
[SourceVersionDate "2012.10.19"]
[SourceQuality "1"]

1. d4 Nf6 2. c4 d6 3. Nc3 Bf5 4. f3 e5 5. e4 exd4 6. Qxd4 Nc6 7. Qd1 Be6 8. b3 g6 9. Nge2 Bg7 10. g3 Qd7 11. Bb2 0-0-0 12. Qc2 Nb4 13. Qd2 c6 14. 0-0-0 Qc7 15. a3 Na6 16. Qc2 Kb8 17. Nd4 Bd7 18. Kb1 Nc5 19. b4 Ne6 20. Nb3 g5 21. Bg2 Rhg8 22. Ne2 h5 23. Bc3 h4 24. Qb2 Nh5 25. Bxg7 Nhxg7 26. g4 Bc8 27. Rd2 Qe7 28. Rhd1 f6 29. Nbd4 Nxd4 30. Nxd4 Ka8 31. Re2 Qe5 32. h3 c5 33. Nb5 a6 34. Nc7+ Kb8 35. Nd5 Qxb2+ 36. Kxb2 Rgf8 37. f4 Rde8 38. Rf2 Ne6 39. Kc3 Bd7 40. fxg5 cxb4+ 41. axb4 fxg5 42. Nf6 Bc6 43. Rxd6 Ka7 44. Bf1 Nf4 45. Nxe8 Rxe8 46. b5 axb5 47. cxb5 Bxe4 48. Rfd2 b6 49. Ra2+ Kb7 50. Ra6 Kc7 51. Rh6 Ne6 52. Ra7+ Kd6 53. Bc4 Bd5 54. Bxd5 Kxd5 55. Rf7 Rc8+ 56. Kd2 Re8 57. Rff6 Re7 58. Rfg6 Re8 59. Rh7 Kc4 60. Rf6 Kxb5 61. Rhh6 Nf4 62. Rf5+ Ka6 63. Rxg5 Nxh3 64. Rf5 Rg8 65. Rxh4 Ng5 66. Ke3 Rg6 67. Kf4 Ne6+ 68. Ke5 Ng7 69. Rf6 Rg5+ 70. Kf4 Rb5 71. Rh7 Rb4+ 72. Kg3 Rb3+ 73. Kf2 Rb2+ 74. Ke1 1-0

[Event "Civitanova Marche op"]
[Site "Civitanova Marche"]
[Date "2012.08.24"]
[Round "4"]
[White "Borgiani, Flavio"]
[Black "Xia, Jie"]
[Result "0-1"]
[WhiteElo "2139"]
[BlackElo "2269"]
[PlyCount "84"]
[EventDate "2012.08.21"]
[EventType "swiss"]
[EventRounds "9"]
[EventCountry "ITA"]
[SourceTitle "CBM 150 Extra"]
[Source "ChessBase"]
[SourceDate "2012.10.19"]
[SourceVersion "1"]
[SourceVersionDate "2012.10.19"]
[SourceQuality "1"]

1. d4 Nf6 2. Nf3 g6 3. c4 Bg7 4. g3 0-0 5. Bg2 c5 6. d5 d6 7. Nc3 Na6 8. 0-0 Nc7 9. e4 Bg4 10. h3 Bxf3 11. Bxf3 Qd7 12. g4 Nfe8 13. Qe2 Rb8 14. a4 b6 15. Ra3 a6 16. Rb3 e5 17. Qd3 h6 18. Be2 Nf6 19. f4 exf4 20. Bxf4 Rfe8 21. e5 dxe5 22. Bxh6 e4 23. Qe3 Nfxd5 24. Nxd5 Nxd5 25. Qg5 Bxh6 26. Qxd5 Qc7 27. Qd1 Rbd8 28. Qe1 Bg7 29. a5 bxa5 30. Ra3 Bxb2 31. Rxa5 Qd6 32. Ra2 Be5 33. Kg2 Rb8 34. Qf2 Re7 35. g5 Rb3 36. Bg4 Rg3+ 37. Kh1 e3 38. Qe2 Rb7 39. Bf3 Rxh3+ 40. Kg1 Rg3+ 41. Kh1 Qd7 42. Bg2 Rxg5 0-1

[Event "ITA-ch sf 72nd"]
[Site "Civitanova Marche"]
[Date "2012.07.17"]
[Round "3"]
[White "Borgiani, Flavio"]
[Black "Di Trapani, Davide"]
[Result "1-0"]
[WhiteElo "2148"]
[BlackElo "2072"]
[PlyCount "51"]
[EventDate "2012.07.15"]
[EventType "swiss"]
[EventRounds "9"]
[EventCountry "ITA"]
[SourceTitle "EXT 2013"]
[Source "ChessBase"]
[SourceDate "2012.11.22"]
[SourceVersion "1"]
[SourceVersionDate "2012.11.22"]
[SourceQuality "1"]

1. d4 d5 2. Nf3 Nf6 3. c4 c6 4. e3 e6 5. Nc3 Nbd7 6. Qc2 Bd6 7. Bd2 0-0 8. h3 e5 9. cxd5 Nxd5 10. Ne4 Bc7 11. Neg5 N5f6 12. Nxf7 Rxf7 13. Bc4 Nd5 14. e4 N7b6 15. Bb3 exd4 16. Ng5 Rf6 17. 0-0-0 Kh8 18. e5 Bf5 19. exf6 Bxc2 20. Nf7+ Kg8 21. Nxd8 Bxd1 22. f7+ Kf8 23. Ne6+ Ke7 24. Nxc7 Nxc7 25. Bb4+ Kd7 26. Rxd1 1-0

[Event "Porto Sant Elpidio op 14th"]
[Site "Porto Sant Elpidio"]
[Date "2011.11.27"]
[Round "5"]
[White "Borgiani, Flavio"]
[Black "Rinaudo, Sergio"]
[Result "1/2-1/2"]
[WhiteElo "2162"]
[BlackElo "2141"]
[PlyCount "204"]
[EventDate "2011.11.19"]
[EventType "swiss"]
[EventRounds "6"]
[EventCountry "ITA"]
[SourceTitle "EXT 2023"]
[Source "ChessBase"]
[SourceDate "2022.10.05"]
[SourceVersion "1"]
[SourceVersionDate "2022.10.05"]
[SourceQuality "1"]

1. e4 e5 2. Nc3 Nf6 3. g3 d5 4. exd5 Nxd5 5. Bg2 Nxc3 6. bxc3 Bd6 7. Ne2 0-0 8. 0-0 c6 9. d3 Bg4 10. h3 Be6 11. c4 Nd7 12. f4 Qb6+ 13. Kh1 exf4 14. Bxf4 Qc7 15. Qd2 Rad8 16. Rae1 Rfe8 17. Bg5 f6 18. Bf4 Bf7 19. Qc3 Re7 20. d4 Rde8 21. c5 Bxf4 22. Nxf4 g5 23. Rxe7 Rxe7 24. d5 cxd5 25. Nxd5 Bxd5 26. Bxd5+ Kg7 27. Qf3 Qxc5 28. Bxb7 Qxc2 29. Bc6 Qg6 30. Qa3 Qf7 31. Qd6 Ne5 32. Bd5 Rd7 33. Bxf7 Rxd6 34. Bb3 Rd2 35. Kg1 Kg6 36. Rf2 Rxf2 37. Kxf2 f5 38. Ke3 Kf6 39. Bd1 Nd7 40. Kd4 Ne5 41. Ke3 Ke6 42. Bb3+ Kf6 43. Bd1 Ng6 44. Kd4 f4 45. gxf4 gxf4 46. Ke4 Kg5 47. Bg4 a5 48. a4 Kh4 49. Kf3 Kg5 50. Ke4 Nh4 51. Bc8 h5 52. Ba6 Ng2 53. Bf1 Ne3 54. Ba6 Nd1 55. Bb5 Nc3+ 56. Kf3 Kf5 57. Be8 h4 58. Bc6 Nd1 59. Be8 Ne3 60. Bd7+ Ke5 61. Bb5 Kf5 62. Bd7+ Kg5 63. Ke4 Nc4 64. Bg4 Nd2+ 65. Kd3 Nf1 66. Ke2 Ne3 67. Bc8 Nd5 68. Bd7 Nf6 69. Bc8 Nd5 70. Bd7 Kf6 71. Kf3 Ke5 72. Bc6 Ne3 73. Be4 Nf5 74. Bb7 Nd6 75. Bc6 Kf5 76. Bd7+ Kg5 77. Bb5 Nf7 78. Ke4 Nd6+ 79. Kf3 Nc8 80. Ke4 Ne7 81. Bd7 Ng8 82. Be6 Nf6+ 83. Kf3 Nh5 84. Bg4 Ng3 85. Bd7 Nf1 86. Kf2 Nd2 87. Ke2 Ne4 88. Kf3 Nc5 89. Bb5 Kf5 90. Be8 Nb3 91. Bd7+ Ke5 92. Be8 Nd4+ 93. Kf2 Ke4 94. Bg6+ Kd5 95. Be8 Kc4 96. Bd7 Kb4 97. Be8 Kb3 98. Bd7 Kb4 99. Be8 Ne6 100. Kf3 Ng5+ 101. Kg4 Ne4 102. Kxf4 Nf2 1/2-1/2

[Event "Porto Sant Elpidio op 14th"]
[Site "Porto Sant Elpidio"]
[Date "2011.11.27"]
[Round "6"]
[White "Rinaudo, Andrea"]
[Black "Borgiani, Flavio"]
[Result "0-1"]
[WhiteElo "2097"]
[BlackElo "2162"]
[PlyCount "70"]
[EventDate "2011.11.19"]
[EventType "swiss"]
[EventRounds "6"]
[EventCountry "ITA"]
[SourceTitle "EXT 2023"]
[Source "ChessBase"]
[SourceDate "2022.10.05"]
[SourceVersion "1"]
[SourceVersionDate "2022.10.05"]
[SourceQuality "1"]

1. e4 e6 2. d4 c5 3. Nf3 cxd4 4. Nxd4 a6 5. Bd3 Nf6 6. 0-0 Qc7 7. c4 b6 8. Nc3 Bb7 9. a3 d6 10. Be3 Nbd7 11. f3 Be7 12. Rc1 0-0 13. Qe2 Rae8 14. Rfd1 Qb8 15. b4 d5 16. cxd5 exd5 17. Bxa6 dxe4 18. fxe4 Bxa6 19. Qxa6 Ng4 20. Nf3 Bd6 21. Bf2 Bxh2+ 22. Kf1 Nxf2 23. Kxf2 Nf6 24. Nxh2 Qxh2 25. Qd3 Ng4+ 26. Ke1 Qxg2 27. Qe2 Qg3+ 28. Kd2 Qf4+ 29. Kc2 Ne3+ 30. Kb3 Nxd1 31. Rxd1 Qe5 32. Rd5 Qe6 33. Kb2 f5 34. Qd1 fxe4 35. Rd6 Rf2+ 0-1

[Event "Porto Sant Elpidio op 14th"]
[Site "Porto Sant Elpidio"]
[Date "2011.11.20"]
[Round "3"]
[White "Borgiani, Flavio"]
[Black "Foglia, Maurizio"]
[Result "1/2-1/2"]
[WhiteElo "2162"]
[BlackElo "2163"]
[PlyCount "69"]
[EventDate "2011.11.19"]
[EventType "swiss"]
[EventRounds "6"]
[EventCountry "ITA"]
[SourceTitle "EXT 2023"]
[Source "ChessBase"]
[SourceDate "2022.10.05"]
[SourceVersion "1"]
[SourceVersionDate "2022.10.05"]
[SourceQuality "1"]

1. Nf3 Nf6 2. c4 g6 3. Nc3 Bg7 4. e4 d6 5. d4 0-0 6. g3 e5 7. d5 Nbd7 8. Bg2 Nc5 9. Qc2 a5 10. 0-0 Ne8 11. Be3 b6 12. a3 f5 13. b4 Nxe4 14. Nxe4 fxe4 15. Ng5 Nf6 16. c5 Ng4 17. Nxe4 Nxe3 18. fxe3 axb4 19. axb4 Rxa1 20. Rxa1 bxc5 21. bxc5 Bh6 22. cxd6 Bxe3+ 23. Kh1 cxd6 24. Qc6 Bg4 25. Nxd6 Bd4 26. Rf1 Rxf1+ 27. Bxf1 Bd7 28. Qc4 Qf8 29. Ne4 Qf3+ 30. Bg2 Qd1+ 31. Qf1 Qxf1+ 32. Bxf1 Bf5 33. Bd3 Bh3 34. Ng5 Bc8 35. Kg2 1/2-1/2

[Event "Civitanova Marche op"]
[Site "Civitanova Marche"]
[Date "2011.07.27"]
[Round "4"]
[White "Caruso, Augusto"]
[Black "Borgiani, Flavio"]
[Result "1-0"]
[WhiteElo "2247"]
[BlackElo "2156"]
[PlyCount "67"]
[EventDate "2011.07.24"]
[EventType "swiss"]
[EventRounds "7"]
[EventCountry "ITA"]
[SourceTitle "EXT 2014"]
[Source "ChessBase"]
[SourceDate "2013.11.20"]
[SourceVersion "1"]
[SourceVersionDate "2013.11.20"]
[SourceQuality "1"]

1. d4 Nf6 2. Nc3 d5 3. Bg5 Nbd7 4. Nf3 c6 5. Qd3 Qa5 6. Bd2 e6 7. e4 dxe4 8. Nxe4 Qb6 9. 0-0-0 Nxe4 10. Qxe4 Nf6 11. Qh4 c5 12. Bg5 Be7 13. Ne5 cxd4 14. Rxd4 Nd5 15. Bxe7 Nxe7 16. Nc4 Qc7 17. Nd6+ Kf8 18. Nb5 Qa5 19. b4 Qb6 20. c4 Bd7 21. Rxd7 Nf5 22. Qf4 Rc8 23. c5 a6 24. Nd6 Nxd6 25. Qxd6+ Qxd6 26. Rxd6 a5 27. a3 Ke7 28. Bb5 axb4 29. axb4 Rc7 30. Rhd1 Rhc8 31. Kb2 g6 32. Rd7+ Kf8 33. Rxc7 Rxc7 34. Rd7 1-0

[Event "Civitanova Marche op"]
[Site "Civitanova Marche"]
[Date "2011.07.25"]
[Round "2"]
[White "Chiarion, Elisa"]
[Black "Borgiani, Flavio"]
[Result "0-1"]
[WhiteElo "1964"]
[BlackElo "2156"]
[PlyCount "130"]
[EventDate "2011.07.24"]
[EventType "swiss"]
[EventRounds "7"]
[EventCountry "ITA"]
[SourceTitle "EXT 2014"]
[Source "ChessBase"]
[SourceDate "2013.11.20"]
[SourceVersion "1"]
[SourceVersionDate "2013.11.20"]
[SourceQuality "1"]

1. e4 e6 2. b3 c5 3. Nf3 Nc6 4. Bb2 a6 5. c4 d5 6. exd5 exd5 7. d4 cxd4 8. Nxd4 Bb4+ 9. Nd2 Nf6 10. Nc2 Bf5 11. a3 Qe7+ 12. Be2 Bxd2+ 13. Qxd2 dxc4 14. 0-0 0-0 15. Bxc4 Rfd8 16. Nd4 Nxd4 17. Bxd4 b5 18. Be2 Rxd4 19. Qxd4 Qxe2 20. Rfe1 Qg4 21. Rad1 Qxd4 22. Rxd4 Be6 23. Rd3 h5 24. h3 a5 25. Re5 a4 26. bxa4 bxa4 27. Rd4 Bb3 28. Rc5 Re8 29. Kf1 g6 30. f3 Re7 31. Kf2 Rd7 32. Ke3 Rxd4 33. Kxd4 Nd7 34. Rb5 Kf8 35. g4 hxg4 36. fxg4 Bd1 37. Ke3 Ke7 38. Kd2 Bf3 39. Rb4 Bc6 40. Ke3 g5 41. Kd4 Kd6 42. Rb2 Ne5 43. Rf2 Ke6 44. Re2 f6 45. Kc5 Be8 46. Re4 Bd7 47. Re2 Kf7 48. Re4 Kg6 49. Re2 Nd3+ 50. Kd6 Bb5 51. Re3 Ne5 52. Re1 Nc4+ 53. Kc5 Nxa3 54. Re3 Nb1 55. Re1 Bd3 56. Kb4 a3 57. Kb3 f5 58. gxf5+ Bxf5 59. Ka2 Nc3+ 60. Kxa3 Nd5 61. Kb3 Bxh3 62. Kc2 Kf5 63. Rg1 Kf4 64. Kd3 g4 65. Ke2 g3 0-1

[Event "Senigallia op 5th"]
[Site "Senigallia"]
[Date "2010.08.08"]
[Round "7"]
[White "Borgiani, Flavio"]
[Black "Salvioli, Alessandro"]
[Result "0-1"]
[WhiteElo "2186"]
[BlackElo "1924"]
[PlyCount "94"]
[EventDate "2010.08.02"]
[EventType "swiss"]
[EventRounds "7"]
[EventCountry "ITA"]
[SourceTitle "CBM 137 Extra"]
[Source "ChessBase"]
[SourceDate "2010.09.01"]
[SourceVersion "1"]
[SourceVersionDate "2010.09.01"]
[SourceQuality "1"]

1. d4 Nf6 2. Nf3 g6 3. c4 Bg7 4. Nc3 0-0 5. g3 d6 6. Bg2 Nbd7 7. 0-0 c5 8. b3 Rb8 9. h3 a6 10. e4 b5 11. e5 Ne8 12. Bf4 Bb7 13. Nd5 cxd4 14. exd6 Nxd6 15. Bxd6 exd6 16. Nxd4 Nb6 17. Rc1 Rc8 18. Ne3 Bxg2 19. Kxg2 bxc4 20. bxc4 d5 21. c5 Nc4 22. Nb3 Nxe3+ 23. fxe3 Qe7 24. Qxd5 Qxe3 25. Rf3 Qe2+ 26. Rf2 Qb5 27. Qc4 Qc6+ 28. Kh2 Rcd8 29. Rcf1 Kh8 30. Rxf7 Rxf7 31. Rxf7 a5 32. Qh4 Re8 33. Qc4 a4 34. Na5 Qc8 35. Nb7 Qc6 36. Na5 Qc8 37. Rf2 Qc7 38. Qxa4 Ra8 39. Qc6 Qxa5 40. Re2 Rf8 41. a4 Qd8 42. Qg2 Qg5 43. c6 Be5 44. Rc2 Bc7 45. Rc4 h5 46. h4 Qe3 47. Rc2 Rf3 0-1

[Event "Senigallia op-A"]
[Site "Senigallia"]
[Date "2010.07.28"]
[Round "4"]
[White "Borgiani, Flavio"]
[Black "Belezky, Alexander"]
[Result "0-1"]
[WhiteElo "2194"]
[BlackElo "2440"]
[PlyCount "86"]
[EventDate "2010.07.25"]
[EventType "swiss"]
[EventRounds "7"]
[EventCountry "ITA"]
[SourceTitle "CBM 137 Extra"]
[Source "ChessBase"]
[SourceDate "2010.09.01"]
[SourceVersion "1"]
[SourceVersionDate "2010.09.01"]
[SourceQuality "1"]

1. c4 Nf6 2. Nc3 g6 3. e4 d6 4. d4 Bg7 5. f3 c6 6. Be3 a6 7. Qd2 b5 8. a3 bxc4 9. Bxc4 d5 10. Ba2 dxe4 11. fxe4 Ng4 12. Nf3 Nxe3 13. Qxe3 0-0 14. 0-0 a5 15. d5 cxd5 16. Nxd5 Nd7 17. Nd4 Bb7 18. Rad1 e6 19. Nc3 Qb6 20. Na4 Qa7 21. Kh1 Nf6 22. Nc3 Rad8 23. Nc2 Qxe3 24. Nxe3 Nxe4 25. Nxe4 Bxe4 26. b3 Bd3 27. Rf2 Bb5 28. h3 Rxd1+ 29. Nxd1 Rd8 30. Nb2 Bf8 31. a4 Ba6 32. Nc4 Rd1+ 33. Kh2 Bxc4 34. bxc4 Bd6+ 35. g3 Rd3 36. Rg2 Ra3 37. Bb1 Rxa4 38. Bd3 Ra3 39. Rd2 Bb4 40. Rd1 Ra2+ 41. Kg1 a4 42. Rb1 Bc5+ 43. Kh1 Rd2 0-1

[Event "Porto San Giorgio op-A 21st"]
[Site "Porto San Giorgio"]
[Date "2009.08.22"]
[Round "2"]
[White "Borgiani, Flavio"]
[Black "Nemeth, Miklos"]
[Result "0-1"]
[WhiteElo "2185"]
[BlackElo "2486"]
[PlyCount "90"]
[EventDate "2009.08.21"]
[EventType "swiss"]
[EventRounds "9"]
[EventCountry "ITA"]
[SourceTitle "CBM 131 Extra"]
[Source "ChessBase"]
[SourceDate "2009.09.03"]
[SourceVersion "2"]
[SourceVersionDate "2009.09.16"]
[SourceQuality "1"]

1. e4 e5 2. Nc3 Nc6 3. g3 Bc5 4. Bg2 a6 5. d3 d6 6. Be3 Nf6 7. Bxc5 dxc5 8. Qd2 Be6 9. f4 Qd6 10. Nf3 0-0-0 11. 0-0-0 Bg4 12. fxe5 Nxe5 13. Nxe5 Qxe5 14. Rdf1 c4 15. Qf4 Qxf4+ 16. Rxf4 cxd3 17. cxd3 Rhe8 18. Bf3 Be6 19. Be2 b5 20. Kb1 Kb8 21. b4 Ng8 22. Rc1 Ne7 23. a3 Ng6 24. Rff1 Ne5 25. Kc2 Rd6 26. a4 Nc6 27. Rb1 Red8 28. Kc1 Nd4 29. Bd1 c6 30. e5 R6d7 31. Ne4 Re7 32. Nc5 Bc8 33. Ra1 a5 34. axb5 axb4 35. Na6+ Bxa6 36. bxa6 Ka7 37. Ra4 c5 38. Rf4 Rd5 39. Rg4 g6 40. Rh4 h5 41. g4 hxg4 42. Bxg4 Rdxe5 43. Kd2 Rg5 44. Bd1 Rg2+ 45. Kc1 Re1 0-1

[Event "Porto San Giorgio op 20th"]
[Site "Porto San Giorgio"]
[Date "2008.08.25"]
[Round "5"]
[White "Granaldi, Alessandro"]
[Black "Borgiani, Flavio"]
[Result "1-0"]
[WhiteElo "2082"]
[BlackElo "2215"]
[PlyCount "73"]
[EventDate "2008.08.21"]
[EventType "swiss"]
[EventRounds "9"]
[EventCountry "ITA"]
[SourceTitle "CBM 126 Extra"]
[Source "ChessBase"]
[SourceDate "2008.11.05"]
[SourceVersion "1"]
[SourceVersionDate "2008.11.05"]
[SourceQuality "1"]

1. e4 d6 2. d4 f5 3. Nc3 Nf6 4. Bd3 Nc6 5. Nf3 fxe4 6. Nxe4 Bg4 7. c3 Nxe4 8. Bxe4 d5 9. Bd3 e5 10. dxe5 Nxe5 11. Be2 Bxf3 12. Bxf3 c6 13. 0-0 Bd6 14. Bh5+ g6 15. f4 Nd7 16. Re1+ Kf7 17. Be3 Re8 18. Kh1 Nf6 19. Bf3 Kg8 20. Qb3 Qc7 21. g3 Qf7 22. Re2 b6 23. Rae1 Bf8 24. Bd4 Bg7 25. Be5 Nd7 26. Bxg7 Kxg7 27. c4 Rxe2 28. Rxe2 d4 29. Bxc6 Nc5 30. Qf3 Rd8 31. Bd5 Qf6 32. b4 d3 33. Rd2 Qc3 34. Qe3 Qxb4 35. Qe7+ Kh6 36. g4 Rxd5 37. Qf8# 1-0

[Event "Porto San Giorgio op 20th"]
[Site "Porto San Giorgio"]
[Date "2008.08.22"]
[Round "2"]
[White "Borgiani, Flavio"]
[Black "Hera, Imre Jr"]
[Result "0-1"]
[WhiteElo "2215"]
[BlackElo "2518"]
[PlyCount "50"]
[EventDate "2008.08.21"]
[EventType "swiss"]
[EventRounds "9"]
[EventCountry "ITA"]
[SourceTitle "CBM 126 Extra"]
[Source "ChessBase"]
[SourceDate "2008.11.05"]
[SourceVersion "1"]
[SourceVersionDate "2008.11.05"]
[SourceQuality "1"]

1. d4 d5 2. Nf3 Nf6 3. c4 dxc4 4. e3 e6 5. Bxc4 a6 6. a4 c5 7. 0-0 Nc6 8. dxc5 Qc7 9. Nc3 Bxc5 10. Bd2 0-0 11. Qe2 b6 12. Rac1 Bb7 13. Ba2 Rfd8 14. Bb1 Ne5 15. Ng5 Neg4 16. g3 Qe5 17. e4 Nxf2 18. Rxf2 Ng4 19. Nd1 Nxf2 20. Nxf2 Qxb2 21. Nf3 Rac8 22. Rd1 Bc6 23. Qxa6 Ra8 24. Qe2 Bxa4 25. Rc1 Rac8 0-1

[Event "Senigallia op 3rd"]
[Site "Senigallia"]
[Date "2008.08.04"]
[Round "3"]
[White "Stromboli, Ettore"]
[Black "Borgiani, Flavio"]
[Result "1-0"]
[WhiteElo "2300"]
[BlackElo "2215"]
[PlyCount "79"]
[EventDate "2008.08.02"]
[EventType "swiss"]
[EventRounds "9"]
[EventCountry "ITA"]
[SourceTitle "EXT 2011"]
[Source "ChessBase"]
[SourceDate "2010.11.26"]
[SourceVersion "1"]
[SourceVersionDate "2010.11.26"]
[SourceQuality "1"]

1. e4 a6 2. Nf3 b5 3. d4 Bb7 4. Bd3 e6 5. 0-0 c5 6. c3 d6 7. Qe2 Nd7 8. Bf4 Ngf6 9. Nbd2 h6 10. a4 Be7 11. axb5 axb5 12. Bxb5 0-0 13. Bd3 d5 14. e5 Ne8 15. Bc2 c4 16. h3 Qb6 17. Rxa8 Bxa8 18. b3 cxb3 19. Nxb3 f5 20. exf6 Nexf6 21. Ne5 Nxe5 22. Bxe5 Qc6 23. Bxf6 Rxf6 24. Ra1 Bb7 25. Qd3 g6 26. Na5 Qb6 27. Rb1 Qxa5 28. Rxb7 Qa3 29. Qd2 Bf8 30. Bd3 Qd6 31. Qc2 e5 32. Qa2 exd4 33. cxd4 Qf4 34. Rb5 Kh8 35. Rxd5 Bd6 36. g3 Qf3 37. Bf1 Bxg3 38. Rd8+ Rf8 39. Rxf8+ Qxf8 40. fxg3 1-0

[Event "ITA-ch sf"]
[Site "Saint Vincent"]
[Date "2008.07.19"]
[Round "1"]
[White "Roversi, Stefano"]
[Black "Borgiani, Flavio"]
[Result "0-1"]
[WhiteElo "1840"]
[BlackElo "2215"]
[PlyCount "44"]
[EventDate "2008.07.19"]
[EventType "swiss"]
[EventRounds "9"]
[EventCountry "ITA"]
[SourceTitle "EXT 2009"]
[Source "ChessBase"]
[SourceDate "2008.11.26"]
[SourceVersion "1"]
[SourceVersionDate "2008.11.26"]
[SourceQuality "1"]

1. e4 c5 2. Nf3 e6 3. d4 cxd4 4. Nxd4 a6 5. c4 Nf6 6. Nc3 Bb4 7. Bd3 Nc6 8. Nxc6 dxc6 9. 0-0 e5 10. Na4 b5 11. cxb5 axb5 12. Nc3 Be7 13. Qf3 0-0 14. Qg3 Ng4 15. Rd1 Bh4 16. Qf3 Bxf2+ 17. Kh1 Bc5 18. Rf1 Nxh2 19. Qg3 Nxf1 20. Bxf1 Qd4 21. Ne2 Qxe4 22. Bh6 Qg6 0-1